000 00453nam a2200169Ia 4500
008 230718s9999 xx 000 0 und d
041 _aeng
082 _a660.63
_bRAO
100 _aRao D.G.
_9171171
245 _aIntroduction To Biochemical Engineering
250 _a2nd ed.
260 _c2010
_bTata McGraw Hill
300 _a480
365 _cRs.
_b425.00
700 _aRao D.G.
_9171171
906 _dO:0043002-Jan-2010B:184707-Oct-2009
_cINST
_b85
999 _c323290
_d323290